Corruption and transparency of public procurement in Slovakia

Na minha lista:
Detalhes bibliográficos
Autor principal: Sabolová, Martina
Formato: Capítulo de Livro
Idioma:inglês
Tags: Adicionar Tag
Sem tags, seja o primeiro a adicionar uma tag!

MARC

LEADER 00000nla a2200000 4500
001 0221150
005 20240502073631.6
041 0 |a eng 
044 |a SK 
245 1 0 |a Corruption and transparency of public procurement in Slovakia  |c Martina Sabolová 
500 |a Abstrakt 
100 1 |a Sabolová, Martina